[Event "Katowice POL-HUN 10th"]
[Site "Katowice"]
[Date "2023.09.10"]
[Round "6"]
[White "Chrobak, Piotr"]
[Black "Pniaczek, Marek"]
[Result "0-1"]
[WhiteElo "1656"]
[BlackElo "2143"]
[PlyCount "92"]
[EventDate "2023.09.09"]
[EventType "swiss (rapid)"]
[EventRounds "9"]
[EventCountry "POL"]
[SourceTitle "EXT 2024"]
[Source "ChessBase"]
[SourceDate "2023.10.10"]
[SourceVersion "1"]
[SourceVersionDate "2023.10.10"]
[SourceQuality "1"]

1. e4 c5 2. c4 Nc6 3. Nc3 g6 4. d3 Bg7 5. f4 e6 6. Nf3 d6 7. Be3 Nd4 8. h4 h5 9. Qd2 Ne7 10. Be2 Nec6 11. g3 a6 12. Kf2 Rb8 13. Bxd4 Nxd4 14. Nxd4 Bxd4+ 15. Kg2 b5 16. cxb5 axb5 17. Raf1 b4 18. Nd1 Bb7 19. Bf3 Ra8 20. b3 Qa5 21. f5 Qxa2 22. Qxa2 Rxa2+ 23. Kh3 exf5 24. exf5 Bc8 25. Be4 d5 26. Bxd5 Bxf5+ 27. Rxf5 gxf5 28. Re1+ Kf8 29. Ne3 Bxe3 30. Rxe3 Rg8 31. Rf3 Ke7 32. Rxf5 Rg7 33. Rxh5 Re2 34. Be4 Re3 35. Rxc5 Rgxg3+ 36. Kh2 Rh3+ 37. Kg2 Rxh4 38. Kf2 Rexe4 39. dxe4 Rxe4 40. Kf3 Rh4 41. Kg3 Rd4 42. Kf2 Rd3 43. Rc7+ Kf8 44. Ke2 Rxb3 45. Kd2 Rh3 46. Kc2 Rc3+ 0-1

[Event "POL-chT 2nd League"]
[Site "Sypniewo"]
[Date "2021.09.10"]
[Round "7.17"]
[White "Chrobak, Piotr"]
[Black "Soliwoda, Zygmunt"]
[Result "0-1"]
[WhiteElo "1692"]
[BlackElo "1593"]
[PlyCount "70"]
[EventDate "2021.09.04"]
[EventType "team-swiss"]
[EventRounds "9"]
[EventCountry "POL"]
[SourceTitle "CBM 204 Extra"]
[Source "ChessBase"]
[SourceDate "2021.11.30"]
[SourceVersion "1"]
[SourceVersionDate "2021.11.30"]
[SourceQuality "1"]
[WhiteTeam "Raciborz Silesia"]
[BlackTeam "Myslenice MAT"]
[WhiteTeamCountry "POL"]
[BlackTeamCountry "POL"]

1. e4 c5 2. d4 cxd4 3. c3 dxc3 4. Nxc3 Nc6 5. Nf3 d6 6. Bc4 Nf6 7. Qe2 g6 8. h3 Bg7 9. 0-0 0-0 10. Rd1 Bd7 11. Bf4 Rc8 12. Rac1 a6 13. a4 Qa5 14. g4 Nd8 15. e5 dxe5 16. Bxe5 Be6 17. Bxe6 Nxe6 18. g5 Nh5 19. Rd7 Bxe5 20. Nxe5 Nhf4 21. Qe3 Qc5 22. Qxc5 Rxc5 23. Ng4 Nxh3+ 24. Kg2 Nhf4+ 25. Kf3 Rxg5 26. Rxe7 Nd3 27. Rh1 Rxg4 28. Kxg4 Nxf2+ 29. Kf3 Nxh1 30. Kg2 b5 31. axb5 axb5 32. Kxh1 b4 33. Nd5 Rd8 34. Nf6+ Kg7 35. Nd7 Rc8 0-1

[Event "POL-chT 2nd League"]
[Site "Sypniewo"]
[Date "2021.09.04"]
[Round "1.1"]
[White "Stachanczyk, Jacek"]
[Black "Chrobak, Piotr"]
[Result "1-0"]
[WhiteElo "2152"]
[BlackElo "1692"]
[PlyCount "45"]
[EventDate "2021.09.04"]
[EventType "team-swiss"]
[EventRounds "9"]
[EventCountry "POL"]
[SourceTitle "CBM 204 Extra"]
[Source "ChessBase"]
[SourceDate "2021.11.30"]
[SourceVersion "1"]
[SourceVersionDate "2021.11.30"]
[SourceQuality "1"]
[WhiteTeam "Jaworzno"]
[BlackTeam "Raciborz Silesia"]
[WhiteTeamCountry "POL"]
[BlackTeamCountry "POL"]

1. e4 c5 2. Nf3 d6 3. d4 cxd4 4. Nxd4 Nf6 5. Nc3 g6 6. Be3 Bg7 7. f3 0-0 8. Qd2 Nc6 9. 0-0-0 d5 10. Qe1 e5 11. Nxc6 bxc6 12. exd5 Nxd5 13. Bc4 Be6 14. Ne4 Qb8 15. Bc5 Rd8 16. Kb1 h6 17. g4 f5 18. gxf5 gxf5 19. Ng3 Nf4 20. Bxe6+ Nxe6 21. Rxd8+ Qxd8 22. Nxf5 Nxc5 23. Nxg7 1-0

[Event "POL-chT 2nd League"]
[Site "Jastrzebia Gora"]
[Date "2019.09.13"]
[Round "7.8"]
[White "Zurkowski, Andrzej"]
[Black "Chrobak, Piotr"]
[Result "1-0"]
[WhiteElo "2029"]
[BlackElo "1713"]
[PlyCount "73"]
[EventDate "2019.09.07"]
[EventType "team-swiss"]
[EventRounds "9"]
[EventCountry "POL"]
[SourceTitle "EXT 2020"]
[Source "ChessBase"]
[SourceDate "2019.10.17"]
[SourceVersion "1"]
[SourceVersionDate "2019.10.17"]
[SourceQuality "1"]
[WhiteTeam "Debica Gryf"]
[BlackTeam "Raciborz Silesia"]
[WhiteTeamCountry "POL"]
[BlackTeamCountry "POL"]

1. b3 Nf6 2. Bb2 d5 3. e3 c6 4. Nf3 g6 5. h3 Bg7 6. Be2 0-0 7. d4 Ne4 8. 0-0 f5 9. Nbd2 Nd6 10. Ne5 Nd7 11. c4 Nxe5 12. dxe5 Nf7 13. f4 e6 14. b4 h6 15. Bc3 Bd7 16. a4 Kh7 17. Nb3 g5 18. a5 Rg8 19. Nc5 Bc8 20. Bh5 Nd6 21. cxd5 cxd5 22. Bd4 Nb5 23. Bf7 Nxd4 24. exd4 Bf8 25. Bxg8+ Kxg8 26. Qh5 Kg7 27. fxg5 Qxg5 28. Qxg5+ hxg5 29. Rfc1 Kg6 30. g4 Bxc5 31. Rxc5 Bd7 32. a6 b6 33. Rc7 Bb5 34. Re7 fxg4 35. hxg4 Be2 36. Rxe6+ Kg7 37. Rc1 1-0

[Event "Karvina op"]
[Site "Karvina"]
[Date "2017.07.07"]
[Round "7"]
[White "Biza, Miroslav"]
[Black "Chrobak, Piotr"]
[Result "1-0"]
[WhiteElo "1801"]
[BlackElo "1750"]
[PlyCount "41"]
[EventDate "2017.07.01"]
[EventType "swiss"]
[EventRounds "9"]
[EventCountry "CZE"]
[SourceTitle "EXT 2018"]
[Source "ChessBase"]
[SourceDate "2017.10.13"]
[SourceVersion "1"]
[SourceVersionDate "2017.10.13"]
[SourceQuality "1"]

1. d4 Nf6 2. c4 g6 3. Nc3 d5 4. Bg5 Ne4 5. Nxe4 dxe4 6. e3 Bg7 7. Qc2 c6 8. b4 f5 9. h4 h6 10. Bf4 Qb6 11. Rb1 0-0 12. c5 Qd8 13. Bc4+ e6 14. Ne2 Na6 15. Bd6 Re8 16. Nf4 Kf7 17. g4 Nc7 18. gxf5 gxf5 19. Qe2 Nd5 20. Qh5+ Kg8 21. Rg1 1-0

[Event "Karvina op"]
[Site "Karvina"]
[Date "2017.07.05"]
[Round "5"]
[White "Chrobak, Piotr"]
[Black "Zimniok, Lubomir"]
[Result "0-1"]
[WhiteElo "1750"]
[BlackElo "2075"]
[PlyCount "120"]
[EventDate "2017.07.01"]
[EventType "swiss"]
[EventRounds "9"]
[EventCountry "CZE"]
[SourceTitle "EXT 2018"]
[Source "ChessBase"]
[SourceDate "2017.10.13"]
[SourceVersion "1"]
[SourceVersionDate "2017.10.13"]
[SourceQuality "1"]

1. e4 e5 2. Nf3 Nc6 3. Bc4 g6 4. 0-0 Bg7 5. c3 Nge7 6. d3 0-0 7. Bg5 h6 8. Bh4 Na5 9. Bb5 g5 10. Bg3 Ng6 11. d4 d5 12. dxe5 dxe4 13. Qxd8 Rxd8 14. Nfd2 Nxe5 15. Bxe5 Bxe5 16. Nxe4 c6 17. Be2 f5 18. Nc5 b6 19. Nd3 Bg7 20. Na3 Be6 21. Rfd1 Rac8 22. Kf1 c5 23. f4 Nc4 24. Nxc4 Bxc4 25. fxg5 hxg5 26. Nf2 Be6 27. Ba6 Rb8 28. Bb5 Kf7 29. a4 Be5 30. h3 a5 31. Rxd8 Rxd8 32. Rd1 Rh8 33. Nd3 Bg3 34. Ke2 Rh4 35. Kf3 Bb8 36. Nf2 g4+ 37. Ke2 g3 38. Nd3 Bb3 39. Rf1 Ke6 40. Ra1 Bd5 41. Kf1 c4 42. Re1+ Kf6 43. Nc1 f4 44. Bd7 Rh7 45. Bg4 Be5 46. Kg1 Bc6 47. Be2 Bd5 48. Bg4 b5 49. axb5 Rb7 50. Rd1 Rxb5 51. Bd7 Rc5 52. Ne2 Be4 53. Nd4 Rc7 54. Bb5 Rc5 55. Ba4 Bd3 56. Nf3 Bc7 57. Re1 Bb6 58. Nd4 Re5 59. Rd1 Re4 60. b3 Bc2 0-1

[Event "Karvina op"]
[Site "Karvina"]
[Date "2017.07.03"]
[Round "3"]
[White "Chrobak, Piotr"]
[Black "Polczyk, Mikolaj"]
[Result "0-1"]
[WhiteElo "1750"]
[BlackElo "1920"]
[PlyCount "112"]
[EventDate "2017.07.01"]
[EventType "swiss"]
[EventRounds "9"]
[EventCountry "CZE"]
[SourceTitle "EXT 2018"]
[Source "ChessBase"]
[SourceDate "2017.10.13"]
[SourceVersion "1"]
[SourceVersionDate "2017.10.13"]
[SourceQuality "1"]

1. e4 c5 2. Nf3 e6 3. d4 cxd4 4. Nxd4 Nf6 5. Nc3 Nc6 6. Be3 Bb4 7. f3 d5 8. Nxc6 bxc6 9. exd5 cxd5 10. Bb5+ Bd7 11. Bxd7+ Qxd7 12. Bd4 0-0 13. 0-0 Ne8 14. f4 Nd6 15. a3 Ba5 16. Qh5 Nf5 17. Bf2 Rab8 18. b4 Bb6 19. Rad1 Ne3 20. Bxe3 Bxe3+ 21. Kh1 Qc7 22. Qe5 Bxf4 23. Qxc7 Bxc7 24. Rd3 Be5 25. Nxd5 exd5 26. Rxd5 Bb2 27. Ra5 Rfc8 28. Rxa7 f6 29. g3 Rxc2 30. Rd1 Rc1 31. Rxc1 Bxc1 32. Kg2 Be3 33. Ra6 Kf7 34. Kf3 Bg1 35. h3 Rb6 36. Ra8 Ke6 37. Ke4 f5+ 38. Kf3 Kd5 39. Ra5+ Kc4 40. Rxf5 Ra6 41. Kg2 Bd4 42. Ra5 Rxa5 43. bxa5 Kb5 44. Kf3 Kxa5 45. Ke4 Bf6 46. Kf5 Ka4 47. g4 h6 48. Kg6 Kxa3 49. Kh5 Kb4 50. h4 Kc5 51. g5 hxg5 52. hxg5 Bc3 53. Kg6 Kd6 54. Kf5 Ke7 55. Kg6 Ke6 56. Kh5 Kf5 0-1

[Event "Karvina op"]
[Site "Karvina"]
[Date "2017.07.01"]
[Round "1"]
[White "Chrobak, Piotr"]
[Black "Zabystrzan, Pavel"]
[Result "0-1"]
[WhiteElo "1750"]
[BlackElo "2190"]
[PlyCount "88"]
[EventDate "2017.07.01"]
[EventType "swiss"]
[EventRounds "9"]
[EventCountry "CZE"]
[SourceTitle "EXT 2018"]
[Source "ChessBase"]
[SourceDate "2017.10.13"]
[SourceVersion "1"]
[SourceVersionDate "2017.10.13"]
[SourceQuality "1"]

1. e4 c6 2. d4 d5 3. exd5 cxd5 4. c4 Nf6 5. Nc3 g6 6. Nf3 Bg7 7. Be2 0-0 8. Ne5 Nc6 9. Nxc6 bxc6 10. c5 Ne4 11. 0-0 Nxc3 12. bxc3 e5 13. Be3 Qa5 14. Qc2 Rb8 15. f4 exd4 16. Bxd4 Bf5 17. Bd3 Bxd3 18. Qxd3 Qb5 19. Qg3 Bxd4+ 20. cxd4 Qc4 21. Rad1 Rb2 22. f5 Qe2 23. Rde1 Qd2 24. Rd1 Qc2 25. f6 h6 26. Rd3 Rb1 27. Rdf3 Rfb8 28. Qf4 R8b2 29. Qg4 Qe2 30. h3 Rxf1+ 31. Rxf1 Qxg4 32. hxg4 Rxa2 33. Rb1 g5 34. Rb7 Ra4 35. Rc7 Rxd4 36. Rxc6 Rxg4 37. Rd6 Rc4 38. Rxd5 Kh7 39. Kf2 a5 40. Ke3 a4 41. Kd3 Rc1 42. Kd2 Rb1 43. c6 Rb8 44. Ke3 Rc8 0-1

[Event "Karvina op"]
[Site "Karvina"]
[Date "2015.07.04"]
[Round "8"]
[White "Stehlik, Jiri1111"]
[Black "Chrobak, Piotr"]
[Result "1-0"]
[WhiteElo "1970"]
[BlackElo "1873"]
[PlyCount "71"]
[EventDate "2015.06.27"]
[EventType "swiss"]
[EventRounds "9"]
[EventCountry "CZE"]
[SourceTitle "CBM 167 Extra"]
[Source "ChessBase"]
[SourceDate "2015.09.14"]
[SourceVersion "1"]
[SourceVersionDate "2015.09.14"]
[SourceQuality "1"]

1. Nf3 c5 2. c4 d6 3. g3 Nf6 4. Bg2 g6 5. 0-0 Bg7 6. Nc3 Nc6 7. d3 0-0 8. a3 Rb8 9. Rb1 Nd4 10. Ne1 e5 11. e3 Ne6 12. b4 b6 13. Nc2 Bb7 14. e4 h6 15. f4 exf4 16. gxf4 Nh5 17. Qe1 Nd4 18. Nxd4 Bxd4+ 19. Kh1 Kh7 20. Bf3 Ng7 21. Nb5 Ne6 22. Nxa7 Qf6 23. Bg2 Nc7 24. bxc5 dxc5 25. Nb5 Nxb5 26. Rxb5 Rfd8 27. Qe2 Bc6 28. Rb1 Qd6 29. e5 Qe6 30. Be4 f5 31. Bxc6 Qxc6+ 32. Qg2 Qe6 33. Rf3 Rg8 34. Rh3 Rg7 35. Qd5 Re8 36. Bb2 1-0

[Event "Karvina op"]
[Site "Karvina"]
[Date "2015.06.29"]
[Round "3"]
[White "Talik, Patryk"]
[Black "Chrobak, Piotr"]
[Result "1-0"]
[WhiteElo "1734"]
[BlackElo "1873"]
[PlyCount "62"]
[EventDate "2015.06.27"]
[EventType "swiss"]
[EventRounds "9"]
[EventCountry "CZE"]
[SourceTitle "CBM 167 Extra"]
[Source "ChessBase"]
[SourceDate "2015.09.14"]
[SourceVersion "1"]
[SourceVersionDate "2015.09.14"]
[SourceQuality "1"]

1. d4 f5 2. c4 g6 3. Nc3 Bg7 4. Nf3 Nf6 5. Bf4 d6 6. e3 0-0 7. Be2 h6 8. 0-0 Nbd7 9. b4 Nh5 10. c5 Kh7 11. cxd6 Nxf4 12. exf4 exd6 13. Qc2 c5 14. Nb5 Qb6 15. bxc5 dxc5 16. Rab1 a6 17. Na3 Qc6 18. Ne5 Nxe5 19. dxe5 Be6 20. Bf3 Bd5 21. Bxd5 Qxd5 22. Rfd1 Qc6 23. Rd6 Qc7 24. Rbb6 Rfd8 25. Rxg6 Qf7 26. h3 Rd4 27. Qxc5 Rxf4 28. Qd6 Rh4 29. Re6 Bf8 30. Qd3 Be7 31. Qb3 Qf8 1-0

[Event "Karvina op"]
[Site "Karvina"]
[Date "2014.07.03"]
[Round "6"]
[White "Domanski, Lukasz"]
[Black "Chrobak, Piotr"]
[Result "0-1"]
[WhiteElo "1679"]
[BlackElo "1932"]
[PlyCount "78"]
[EventDate "2014.06.28"]
[EventType "swiss"]
[EventRounds "9"]
[EventCountry "CZE"]
[SourceTitle "CBM 161 Extra"]
[Source "ChessBase"]
[SourceDate "2014.08.29"]
[SourceVersion "1"]
[SourceVersionDate "2014.08.29"]
[SourceQuality "1"]

1. e4 c5 2. Nf3 d6 3. d4 cxd4 4. Nxd4 Nf6 5. Nc3 g6 6. f4 Nc6 7. Nf3 Bg7 8. Bd3 0-0 9. 0-0 a6 10. Qe1 e6 11. Kh1 Nb4 12. Qh4 Nxd3 13. cxd3 Nh5 14. Qxd8 Rxd8 15. e5 dxe5 16. fxe5 f5 17. d4 b5 18. a3 Bb7 19. Bg5 Rd7 20. Rad1 h6 21. Be3 Rad8 22. Nd2 g5 23. Nb3 f4 24. Bf2 Bf8 25. Rfe1 Ng7 26. Nd2 Be7 27. Nde4 Kf7 28. b4 Nf5 29. d5 Bxd5 30. Nd6+ Nxd6 31. Rxd5 Nc4 32. Rxd7 Rxd7 33. Ne4 Nxa3 34. Nc5 Rd2 35. Bg1 Nc2 36. Rf1 Re2 37. Nxa6 Rxe5 38. Bc5 Re1 39. Rxe1 Nxe1 0-1

[Event "Karvina op"]
[Site "Karvina"]
[Date "2014.07.02"]
[Round "5"]
[White "Chrobak, Piotr"]
[Black "Wiewiorkowski, Dariusz"]
[Result "1/2-1/2"]
[WhiteElo "1932"]
[BlackElo "2102"]
[PlyCount "39"]
[EventDate "2014.06.28"]
[EventType "swiss"]
[EventRounds "9"]
[EventCountry "CZE"]
[SourceTitle "CBM 161 Extra"]
[Source "ChessBase"]
[SourceDate "2014.08.29"]
[SourceVersion "1"]
[SourceVersionDate "2014.08.29"]
[SourceQuality "1"]

1. e4 c5 2. d4 cxd4 3. c3 d3 4. Bxd3 d6 5. c4 Nf6 6. Nc3 g6 7. Nf3 Bg7 8. h3 0-0 9. Be3 Nc6 10. Qd2 a6 11. 0-0 Bd7 12. Nd5 Nxd5 13. exd5 Ne5 14. Nxe5 Bxe5 15. f4 Bg7 16. f5 b5 17. fxg6 hxg6 18. b3 bxc4 19. bxc4 e6 20. dxe6 1/2-1/2

[Event "Karvina op"]
[Site "Karvina"]
[Date "2014.06.30"]
[Round "3"]
[White "Chrobak, Piotr"]
[Black "Repak, Jan"]
[Result "1-0"]
[WhiteElo "1932"]
[BlackElo "1715"]
[PlyCount "47"]
[EventDate "2014.06.28"]
[EventType "swiss"]
[EventRounds "9"]
[EventCountry "CZE"]
[SourceTitle "CBM 161 Extra"]
[Source "ChessBase"]
[SourceDate "2014.08.29"]
[SourceVersion "1"]
[SourceVersionDate "2014.08.29"]
[SourceQuality "1"]

1. e4 c5 2. d4 cxd4 3. c3 dxc3 4. Nxc3 Nc6 5. Bc4 e6 6. Nf3 d6 7. Qe2 a6 8. a4 Nf6 9. 0-0 Be7 10. Rd1 Bd7 11. Bf4 Qb8 12. h3 e5 13. Bg5 0-0 14. Rd2 Na5 15. Ba2 b5 16. Bxf6 Bxf6 17. Nd5 bxa4 18. Nxf6+ gxf6 19. Rad1 Bb5 20. Qe3 Nc4 21. Bxc4 Bxc4 22. Qh6 Bb3 23. Nh4 Be6 24. Rd3 1-0

[Event "Karvina op"]
[Site "Karvina"]
[Date "2014.06.28"]
[Round "1"]
[White "Chrobak, Piotr"]
[Black "Sebesta, Jan"]
[Result "1/2-1/2"]
[WhiteElo "1932"]
[BlackElo "1771"]
[PlyCount "69"]
[EventDate "2014.06.28"]
[EventType "swiss"]
[EventRounds "9"]
[EventCountry "CZE"]
[SourceTitle "CBM 161 Extra"]
[Source "ChessBase"]
[SourceDate "2014.08.29"]
[SourceVersion "1"]
[SourceVersionDate "2014.08.29"]
[SourceQuality "1"]

1. e4 d5 2. exd5 Qxd5 3. Nc3 Qa5 4. Nf3 Nf6 5. Bc4 Bg4 6. h3 Bh5 7. d3 c6 8. Bd2 Qc7 9. g4 Bg6 10. Qe2 Nbd7 11. 0-0-0 0-0-0 12. d4 e6 13. Ne5 Nxe5 14. dxe5 Nd5 15. f4 Be7 16. Qf3 f5 17. g5 h6 18. h4 hxg5 19. hxg5 Bf7 20. Ne2 Nb6 21. Bb3 Bc5 22. Ng3 g6 23. c3 a6 24. a3 Nd7 25. Bc2 Ba7 26. Be3 Bxe3+ 27. Qxe3 Rxh1 28. Rxh1 Nb6 29. Rh7 Nc4 30. Qc5 Nb6 31. c4 Kb8 32. a4 a5 33. Qxa5 Qd7 34. Kb1 Qc7 35. Nh5 1/2-1/2

[Event "POL-chT3 Slaskie"]
[Site "Poland"]
[Date "2008.05.10"]
[Round "7.45"]
[White "Chrobak, Piotr"]
[Black "Olbrich, Roman"]
[Result "0-1"]
[WhiteElo "2026"]
[BlackElo "1842"]
[PlyCount "52"]
[EventDate "2008.02.03"]
[EventType "team-swiss"]
[EventRounds "9"]
[EventCountry "POL"]
[SourceTitle "EXT 2019"]
[Source "ChessBase"]
[SourceDate "2018.10.10"]
[SourceVersion "1"]
[SourceVersionDate "2018.10.10"]
[SourceQuality "1"]

1. e4 c6 2. d4 d5 3. exd5 cxd5 4. c4 Nf6 5. Nc3 Nc6 6. Nf3 Bg4 7. Be3 e6 8. Be2 dxc4 9. Bxc4 Be7 10. Qd2 0-0 11. Ne5 Rc8 12. Bd3 Qa5 13. f3 Nxe5 14. dxe5 Qxe5 15. 0-0 Bc5 16. Rae1 Bh5 17. Qf2 Bxe3 18. Rxe3 Qc5 19. Rfe1 Rfd8 20. h3 Bg6 21. Bxg6 hxg6 22. Kh2 Rd7 23. Qh4 Rd2 24. Re5 Qd6 25. Nb5 Qb8 26. Qb4 Rcc2 0-1

[Event "POL-chT3 Slaskie"]
[Site "Poland"]
[Date "2008.02.19"]
[Round "3.8"]
[White "Moryson, Adrian"]
[Black "Chrobak, Piotr"]
[Result "0-1"]
[WhiteElo "1915"]
[BlackElo "2026"]
[PlyCount "66"]
[EventDate "2008.02.03"]
[EventType "team-swiss"]
[EventRounds "9"]
[EventCountry "POL"]
[SourceTitle "EXT 2019"]
[Source "ChessBase"]
[SourceDate "2018.10.10"]
[SourceVersion "1"]
[SourceVersionDate "2018.10.10"]
[SourceQuality "1"]

1. f4 c5 2. Nf3 d6 3. e3 Nf6 4. b3 g6 5. Bb2 Bg7 6. Bb5+ Bd7 7. Qe2 0-0 8. Bxd7 Nfxd7 9. Bxg7 Kxg7 10. 0-0 Nc6 11. Nc3 e6 12. e4 a6 13. Rad1 Qc7 14. Qf2 Rad8 15. d4 cxd4 16. Nxd4 Nb4 17. Qd2 Nf6 18. Kh1 Rc8 19. Nde2 Rfd8 20. f5 d5 21. fxg6 fxg6 22. Qd4 Qe7 23. Rxf6 Qxf6 24. Qxb4 d4 25. e5 Qxe5 26. Qe7+ Kg8 27. Ng3 Re8 28. Qxb7 Rxc3 29. Ne4 Rxc2 30. Rf1 Rf8 31. Ng3 Rxf1+ 32. Nxf1 Rc1 33. Qf3 Qe1 0-1

[Event "POL-chT3 Liga Slaska"]
[Site "Poland"]
[Date "2007.01.28"]
[Round "2"]
[White "Chrobak, Piotr"]
[Black "Chmiel, Piotr"]
[Result "0-1"]
[WhiteElo "2031"]
[BlackElo "1993"]
[PlyCount "32"]
[EventDate "2007.01.28"]
[EventType "team-swiss"]
[EventRounds "9"]
[EventCountry "POL"]
[SourceTitle "EXT 2011"]
[Source "ChessBase"]
[SourceDate "2010.11.26"]
[SourceVersion "1"]
[SourceVersionDate "2010.11.26"]
[SourceQuality "1"]
[WhiteTeam "Raciborz KSz Silesia II"]
[BlackTeam "Gory Strzybniczanka Tarnowskie"]
[WhiteTeamCountry "POL"]
[BlackTeamCountry "POL"]

1. e4 e5 2. f4 Bc5 3. Nf3 d6 4. Bc4 Nf6 5. d3 Nc6 6. c3 0-0 7. a4 a5 8. Na3 exf4 9. Bxf4 d5 10. exd5 Re8+ 11. Kd2 Nxd5 12. Bg5 Be3+ 13. Bxe3 Nxe3 14. Qb3 Qf6 15. Nb5 Re7 16. Nbd4 Qf4 0-1

[Event "POL-chT3 Liga Slaska"]
[Site "Poland"]
[Date "2007.01.28"]
[Round "1"]
[White "Lubosik, Zbigniew"]
[Black "Chrobak, Piotr"]
[Result "0-1"]
[WhiteElo "2129"]
[BlackElo "2031"]
[PlyCount "64"]
[EventDate "2007.01.28"]
[EventType "team-swiss"]
[EventRounds "9"]
[EventCountry "POL"]
[SourceTitle "EXT 2011"]
[Source "ChessBase"]
[SourceDate "2010.11.26"]
[SourceVersion "1"]
[SourceVersionDate "2010.11.26"]
[SourceQuality "1"]
[WhiteTeam "Gliwice Politechnika Slaska II"]
[BlackTeam "Raciborz KSz Silesia II"]
[WhiteTeamCountry "POL"]
[BlackTeamCountry "POL"]

1. d4 Nf6 2. Nf3 g6 3. Nc3 d5 4. Bg5 Bg7 5. e3 c6 6. Bd3 0-0 7. Qd2 Nbd7 8. 0-0 Re8 9. e4 dxe4 10. Nxe4 Nxe4 11. Bxe4 Qb6 12. c3 e5 13. Rfe1 exd4 14. Nxd4 Nf6 15. Bf3 Bd7 16. h4 c5 17. Nb3 Bc6 18. Qf4 Bxf3 19. Qxf3 c4 20. Nd2 Rac8 21. Rxe8+ Nxe8 22. Re1 Nd6 23. Qf4 Qc6 24. h5 Ne8 25. hxg6 hxg6 26. Bh6 b5 27. Bxg7 Kxg7 28. Re7 Qf6 29. Qe3 Nd6 30. Qxa7 Rh8 31. Nf3 Nf5 32. Qc7 Qxe7 0-1

[Event "IPCA World Cup"]
[Site "Hrabyne"]
[Date "2003.08.02"]
[Round "2"]
[White "Chrobak, Piotr"]
[Black "Hromada, Vaclav"]
[Result "1/2-1/2"]
[WhiteElo "2006"]
[BlackElo "2142"]
[PlyCount "49"]
[EventDate "2003.08.01"]
[EventType "swiss"]
[EventRounds "9"]
[EventCountry "CZE"]
[SourceTitle "CBM 095 Extra"]
[Source "ChessBase"]
[SourceDate "2003.09.04"]
[SourceVersion "1"]
[SourceVersionDate "2003.09.04"]
[SourceQuality "1"]

1. e4 e5 2. Nf3 Nc6 3. Bc4 Nf6 4. d3 Be7 5. c3 d6 6. Nbd2 Na5 7. Bb5+ Bd7 8. Bxd7+ Qxd7 9. Nf1 Nc6 10. Ng3 g6 11. 0-0 h5 12. Re1 h4 13. Nf1 Nh5 14. d4 Bf6 15. dxe5 Nxe5 16. Ne3 0-0-0 17. Nxe5 Bxe5 18. Qg4 Qxg4 19. Nxg4 Bf4 20. Ne3 Rhe8 21. Nd5 Bxc1 22. Raxc1 c6 23. Nb4 Re6 24. Nd3 Rde8 25. f3 1/2-1/2

[Event "Karvina op"]
[Site "Karvina"]
[Date "2001.06.30"]
[Round "1"]
[White "Sumaneev, Dmitry"]
[Black "Chrobak, Piotr"]
[Result "1-0"]
[WhiteElo "2452"]
[BlackElo "2047"]
[PlyCount "68"]
[EventDate "2001.06.30"]
[EventType "swiss"]
[EventRounds "9"]
[EventCountry "CZE"]
[SourceTitle "EXT 2002"]
[Source "ChessBase"]
[SourceDate "2001.11.25"]
[SourceVersion "1"]
[SourceVersionDate "2001.11.25"]
[SourceQuality "1"]

1. e4 c5 2. Nc3 Nc6 3. Bb5 d6 4. f4 Bd7 5. a4 Nf6 6. Nf3 e6 7. d3 Be7 8. 0-0 0-0 9. Bxc6 Bxc6 10. Qe1 Nd7 11. Bd2 a6 12. a5 Re8 13. Kh1 d5 14. e5 f5 15. exf6 Bxf6 16. Ne5 Qc7 17. Ng4 Re7 18. Qg3 Rf8 19. Rae1 Kh8 20. Qh3 Bxc3 21. Bxc3 d4 22. Bd2 Rf5 23. Qh4 Re8 24. Kg1 Qd6 25. Qg3 Ref8 26. c4 Nf6 27. Ne5 Be8 28. Qf3 Nd7 29. Ng4 Bh5 30. h3 e5 31. fxe5 Nxe5 32. Qxf5 Rxf5 33. Rxf5 Nxg4 34. hxg4 Bg6 1-0